[Event "AUS-ch Major"]
[Site "Cammeray"]
[Date "2018.01.03"]
[Round "3"]
[White "Rupasinghe, Sayum"]
[Black "Quek, Bob"]
[Result "1-0"]
[WhiteElo "1592"]
[BlackElo "1573"]
[PlyCount "41"]
[EventDate "2018.01.02"]
[EventType "swiss"]
[EventRounds "11"]
[EventCountry "AUS"]
[SourceTitle "CBM 182 Extra"]
[Source "ChessBase"]
[SourceDate "2018.02.23"]
[SourceVersion "1"]
[SourceVersionDate "2018.02.23"]
[SourceQuality "1"]

1. d4 d5 2. Nf3 e6 3. Bf4 Nf6 4. c4 Be7 5. Nc3 0-0 6. e3 b6 7. Qc2 Bb7 8. Ne5 dxc4 9. Nxc4 Nbd7 10. Bd3 h6 11. 0-0-0 c5 12. dxc5 Nxc5 13. Bh7+ Kh8 14. Rxd8 Raxd8 15. Bg6 fxg6 16. Qxg6 Nd3+ 17. Kb1 Be4 18. Nxe4 Nxe4 19. Bxh6 Rg8 20. Qh5 Rdf8 21. Bg5# 1-0

[Event "AUS-ch Major"]
[Site "Cammeray"]
[Date "2018.01.02"]
[Round "1"]
[White "Davis, Tony J"]
[Black "Quek, Bob"]
[Result "1-0"]
[WhiteElo "1902"]
[BlackElo "1573"]
[PlyCount "51"]
[EventDate "2018.01.02"]
[EventType "swiss"]
[EventRounds "11"]
[EventCountry "AUS"]
[SourceTitle "CBM 182 Extra"]
[Source "ChessBase"]
[SourceDate "2018.02.23"]
[SourceVersion "1"]
[SourceVersionDate "2018.02.23"]
[SourceQuality "1"]

1. d4 d5 2. Bg5 Nd7 3. e3 h6 4. Bf4 e6 5. Bd3 Ngf6 6. Nd2 Be7 7. h3 0-0 8. Ngf3 b6 9. c3 Bb7 10. Ne5 c5 11. Qf3 c4 12. Bxc4 Ne4 13. Nxe4 dxe4 14. Qg3 Bh4 15. Qg4 Kh7 16. Nxd7 Qxd7 17. Qxh4 f6 18. Qg4 f5 19. Qh5 Rf6 20. 0-0-0 g5 21. Bxg5 Rg6 22. h4 f4 23. Bxf4 Qg7 24. g4 Rxg4 25. Bxe6 Rg6 26. Bf5 1-0

[Event "AUS-ch Minor"]
[Site "Cammeray"]
[Date "2013.01.02"]
[Round "1"]
[White "Quek, Bob"]
[Black "Robinson, Andrew"]
[Result "1-0"]
[WhiteElo "1520"]
[BlackElo "1331"]
[PlyCount "69"]
[EventDate "2013.01.02"]
[EventType "swiss"]
[EventRounds "11"]
[EventCountry "AUS"]
[SourceTitle "EXT 2022"]
[Source "ChessBase"]
[SourceDate "2021.10.06"]
[SourceVersion "1"]
[SourceVersionDate "2021.10.06"]
[SourceQuality "1"]

1. d4 g6 2. c4 Bg7 3. Nc3 Nf6 4. e4 d6 5. Nf3 0-0 6. Be2 c5 7. d5 Bd7 8. Qc2 Na6 9. a3 Nc7 10. h3 Rb8 11. 0-0 a6 12. Bf4 b5 13. e5 Bf5 14. Qd2 Nfe8 15. Bh6 bxc4 16. Bxg7 Kxg7 17. Bxc4 dxe5 18. Nxe5 Rb6 19. Rfe1 f6 20. Nd3 Bxd3 21. Qxd3 Rxb2 22. Qe3 Nd6 23. Qxc5 Rc2 24. Re3 Re8 25. g4 Nxc4 26. Qxc4 Nxd5 27. Qxd5 Rxc3 28. Qxd8 Rxd8 29. Rxc3 Rd5 30. Rc7 Kf7 31. Re1 Rd3 32. Rexe7+ Kf8 33. Rxh7 Kg8 34. Rhd7 f5 35. Rxd3 1-0

[Event "AUS-ch Minor"]
[Site "Cammeray"]
[Date "2011.01.10"]
[Round "8"]
[White "Quek, Bob"]
[Black "Souffron, Marc"]
[Result "1-0"]
[WhiteElo "1271"]
[BlackElo "1166"]
[PlyCount "203"]
[EventDate "2011.01.02"]
[EventType "swiss"]
[EventRounds "11"]
[EventCountry "AUS"]
[SourceTitle "EXT 2012"]
[Source "ChessBase"]
[SourceDate "2011.11.24"]
[SourceVersion "1"]
[SourceVersionDate "2011.11.24"]
[SourceQuality "1"]

1. d4 f5 2. c4 Nf6 3. Nc3 d5 4. e3 e6 5. b3 Bb4 6. Bb2 c6 7. a3 Bxc3+ 8. Bxc3 Nbd7 9. Nf3 b6 10. cxd5 exd5 11. Bd3 Ne4 12. Rc1 Bb7 13. b4 a6 14. Bb2 Qe7 15. 0-0 g5 16. Ne5 Nxe5 17. dxe5 g4 18. f3 gxf3 19. Qxf3 Rf8 20. Qh5+ Qf7 21. Qxf7+ Rxf7 22. Rf4 Ke7 23. Rcf1 Raf8 24. Be2 Bc8 25. Bh5 Rg7 26. Rc1 Rg5 27. Bf3 Bd7 28. Bd4 Nd2 29. Bxb6 Nxf3+ 30. Rxf3 Ke6 31. Bd4 Rfg8 32. Rf2 h5 33. h3 Rg3 34. Kh2 Ke7 35. Rcf1 R3g6 36. Rd2 Ra8 37. Rf3 Kf7 38. Rf4 Rag8 39. Rdf2 Ke7 40. Bc5+ Kd8 41. Bd4 Be6 42. Rc2 Bd7 43. e6 Bxe6 44. Rh4 Rg5 45. Bf6+ Kd7 46. Bxg5 Rxg5 47. Kg1 Kd6 48. Rd2 Kc7 49. Kf2 Kd6 50. Kf3 Ke5 51. g3 Bf7 52. Rc2 Be8 53. Rd4 Rg7 54. Rc5 Ra7 55. Rd2 Bd7 56. Rg2 Ra8 57. Rd2 Rf8 58. Kg2 Ke4 59. h4 Rg8 60. Kf2 Ra8 61. Rd1 Re8 62. Rd4+ Ke5 63. Ra5 Ra8 64. Rd2 Ke4 65. Rb2 Bc8 66. a4 Rb8 67. b5 cxb5 68. axb5 axb5 69. Rbxb5 Rxb5 70. Rxb5 Ke5 71. Rb8 Be6 72. Rh8 Bf7 73. Rh7 Kf6 74. Rh8 Kg7 75. Rb8 Kf6 76. Kf3 Ke5 77. Rf8 Bg6 78. Rb8 Bf7 79. Rb4 Bg6 80. Kf2 Bf7 81. Rf4 Bg6 82. Ke2 Bf7 83. Kd2 Be6 84. Kc3 Bd7 85. Kb4 Be6 86. Kc5 Bd7 87. Kb6 Kd6 88. Rd4 Be6 89. Rb4 Ke5 90. Kc7 Bf7 91. Kd7 Be6+ 92. Ke7 Bg8 93. Kf8 Be6 94. Kg7 Bd7 95. Kg6 Be8+ 96. Kg5 Bf7 97. Rf4 Be8 98. Rxf5+ Ke4 99. Kf6 Kxe3 100. Re5+ Kf3 101. Rxe8 Kxg3 102. Kg5 1-0

[Event "AUS-ch Minor"]
[Site "Cammeray"]
[Date "2011.01.04"]
[Round "3"]
[White "Yamini, Saleh"]
[Black "Quek, Bob"]
[Result "0-1"]
[WhiteElo "178"]
[BlackElo "1271"]
[PlyCount "34"]
[EventDate "2011.01.02"]
[EventType "swiss"]
[EventRounds "11"]
[EventCountry "AUS"]
[SourceTitle "EXT 2012"]
[Source "ChessBase"]
[SourceDate "2011.11.24"]
[SourceVersion "1"]
[SourceVersionDate "2011.11.24"]
[SourceQuality "1"]

1. d4 d5 2. Nc3 Nf6 3. Nf3 e6 4. e3 b6 5. g3 Bb7 6. Bg2 c5 7. 0-0 Be7 8. Bd2 0-0 9. Qe2 c4 10. b3 Ba6 11. e4 cxb3 12. Qxa6 Nxa6 13. axb3 Nb4 14. Rac1 Rc8 15. Ne5 dxe4 16. Nxe4 Nxe4 17. Bxe4 Qxd4 0-1

[Event "Doeberl Cup Minor 48th"]
[Site "Canberra"]
[Date "2010.04.04"]
[Round "5"]
[White "Ngo, Michael"]
[Black "Quek, Bob"]
[Result "1-0"]
[WhiteElo "1387"]
[BlackElo "1151"]
[PlyCount "75"]
[EventDate "2010.04.02"]
[EventType "swiss"]
[EventRounds "7"]
[EventCountry "AUS"]
[SourceTitle "EXT 2012"]
[Source "ChessBase"]
[SourceDate "2011.11.24"]
[SourceVersion "1"]
[SourceVersionDate "2011.11.24"]
[SourceQuality "1"]

1. e4 e5 2. Nf3 Nc6 3. d4 exd4 4. Nxd4 Nxd4 5. Qxd4 d6 6. Be2 Be7 7. Qxg7 Bf6 8. Qg3 Be6 9. Nc3 Ne7 10. 0-0 a6 11. Bf4 Nc6 12. Nd5 Bxd5 13. exd5 Nb4 14. Qb3 a5 15. a3 Na6 16. Bxa6 bxa6 17. Rfe1+ Kf8 18. Bh6+ Bg7 19. Bxg7+ Kxg7 20. Qc3+ f6 21. Re6 Rf8 22. Rae1 Rf7 23. Qxa5 c5 24. Qxd8 Rxd8 25. b4 cxb4 26. axb4 Rc7 27. Re7+ Rxe7 28. Rxe7+ Kf8 29. Rxh7 Kg8 30. Ra7 Rc8 31. Rxa6 Rxc2 32. g3 Rb2 33. Rxd6 Rxb4 34. Rxf6 Rd4 35. Rf5 Kg7 36. h3 Kg6 37. g4 Rd3 38. Kg2 1-0

[Event "Doeberl Cup Minor 48th"]
[Site "Canberra"]
[Date "2010.04.02"]
[Round "1"]
[White "Adler, David"]
[Black "Quek, Bob"]
[Result "1-0"]
[WhiteElo "1398"]
[BlackElo "1151"]
[PlyCount "59"]
[EventDate "2010.04.02"]
[EventType "swiss"]
[EventRounds "7"]
[EventCountry "AUS"]
[SourceTitle "EXT 2012"]
[Source "ChessBase"]
[SourceDate "2011.11.24"]
[SourceVersion "1"]
[SourceVersionDate "2011.11.24"]
[SourceQuality "1"]

1. d4 d5 2. c4 e6 3. Nf3 Nf6 4. Bg5 Be7 5. e3 0-0 6. Nc3 Nbd7 7. Bd3 dxc4 8. Bxc4 h6 9. Bh4 a6 10. a4 Nb6 11. Bb3 Nbd5 12. 0-0 Nxc3 13. bxc3 Ne4 14. Bxe7 Qxe7 15. Bc2 Nf6 16. e4 Rd8 17. Qd3 g6 18. e5 Nd5 19. h4 Bd7 20. h5 Kg7 21. hxg6 f5 22. exf6+ Qxf6 23. Ne5 Be8 24. f4 Qf5 25. Qd2 Qf8 26. f5 exf5 27. Rxf5 Nf6 28. Ng4 Bxg6 29. Qxh6+ Kf7 30. Rxf6+ 1-0

[Event "AUS-ch Minor"]
[Site "Cammeray"]
[Date "2010.01.09"]
[Round "7"]
[White "Lees, Dominic"]
[Black "Quek, Bob"]
[Result "1-0"]
[WhiteElo "818"]
[BlackElo "1163"]
[PlyCount "45"]
[EventDate "2010.01.02"]
[EventType "swiss"]
[EventRounds "11"]
[EventCountry "AUS"]
[SourceTitle "EXT 2011"]
[Source "ChessBase"]
[SourceDate "2010.11.26"]
[SourceVersion "1"]
[SourceVersionDate "2010.11.26"]
[SourceQuality "1"]

1. d4 d5 2. e3 e6 3. f4 Nf6 4. Bd3 Be7 5. Nf3 Nbd7 6. Nbd2 Ng4 7. Qe2 Ngf6 8. 0-0 0-0 9. Ne5 a6 10. Rf3 c5 11. c3 c4 12. Bc2 g6 13. Rh3 Re8 14. Ndf3 Kg7 15. Ng5 h6 16. Ngxf7 Qc7 17. Rxh6 Nxe5 18. fxe5 Ne4 19. Qg4 Bg5 20. Nxg5 Kxh6 21. Qh4+ Kg7 22. Qh7+ Kf8 23. Qxc7 1-0

[Event "AUS-ch Minor"]
[Site "Cammeray"]
[Date "2010.01.07"]
[Round "5"]
[White "Tracey, Michael"]
[Black "Quek, Bob"]
[Result "0-1"]
[WhiteElo "1375"]
[BlackElo "1163"]
[PlyCount "44"]
[EventDate "2010.01.02"]
[EventType "swiss"]
[EventRounds "11"]
[EventCountry "AUS"]
[SourceTitle "EXT 2011"]
[Source "ChessBase"]
[SourceDate "2010.11.26"]
[SourceVersion "1"]
[SourceVersionDate "2010.11.26"]
[SourceQuality "1"]

1. f4 e6 2. Nf3 d5 3. e3 Nf6 4. b3 Be7 5. Bb2 0-0 6. Be2 c5 7. 0-0 Nbd7 8. h3 Qc7 9. c4 dxc4 10. Bxc4 b6 11. Nc3 a6 12. a4 Bb7 13. g4 h6 14. Qe1 Rfe8 15. Qg3 Bd6 16. Bd3 e5 17. fxe5 Nxe5 18. Qg2 Nxd3 19. Rab1 Nxb2 20. Rxb2 Ne4 21. Nxe4 Bxe4 22. g5 Bg3 0-1